Top 10 most expensive Belgians - Statistics

General Stats
  • This quiz has been taken 43 times
  • The average score is 5 of 10
Answer Stats
Hint Answer % Correct
3 Kevin De Bruyne
100%
2 Romelu Lukaku
90%
1 Eden Hazard
78%
5 Jeremy Doku
49%
8 Youri Tielemans
44%
10 Axel Witsel
41%
9 Lois Openda
22%
7 Christian Benteke
20%
6 Amadou Onana
17%
4 Romeo Lavia
7%
No matching quizzes found
Score Distribution
Percent of People with Each Score
Percentile by Number Answered
Your Score History
You have not taken this quiz